| 000 | 00402nam a22001697a 4500 | ||
|---|---|---|---|
| 003 | SGT | ||
| 020 | _a9789391208189 | ||
| 082 |
_a616.01 _bP25M |
||
| 100 | _aMANE, ROHIT SHANKAR | ||
| 245 | _aA TB. OF PHARMACEUTICAL MICROBIOLOGY | ||
| 250 | _a1ST | ||
| 260 |
_aINDIA _bINNOVATIVE PUB _c2025 |
||
| 300 | _a203 | ||
| 650 | _aMOCROBIOLOGY | ||
| 653 | _aPHARMACEUTICAL MICROBIOLOGY | ||
| 942 |
_2ddc _cBK |
||
| 999 |
_c33372 _d33372 |
||